Normal view MARC view
  • Tenti Fanfani, Emilio,

Entry Nombre Personal

Number of records used in: 23

001 - NUMERO DE CONTROL

  • campo de control: 31349

003 - IDENTIFICADOR DE NUMERO DE CONTROL

  • campo de control: DLC

005 - FECHA Y HORA DE LA ÜLTIMA TRANSACCIÓN

  • campo de control: 20230511123110.0

008 - DATOS DE LONGITUD FIJA

  • campo de control de longitud fija: 230511n| azannaabn |a aaa

010 ## - NÚMERO DE CONTROL DE LA BIBLIOTECA DEL CONGRESO

  • Número de control LC: n 88268458

035 ## - NUMERO DE CONTROL

  • Número de control: (OCoLC)oca02581245

040 ## - FUENTE DE CATALOGACIÓN

  • Agencia original de catalogación: DLC
  • Lenguaje de catalogación: spa
  • Description conventions: rda
  • Agencia de transcripción: DLC
  • Agencia que lo modifica: DLC
  • Agencia que lo modifica: OCoLC
  • Agencia que lo modifica: DLC
  • Agencia que lo modifica: InU
  • Agencia que lo modifica: MX-MxUPN

046 ## - FECHAS CON CODIFICACIÓN ESPECIAL

  • Fecha de nacimiento: 1945

100 1# - ENCABEZAMIENTO - NOMBRE PERSONAL

  • Nombre personal: Tenti Fanfani, Emilio,
  • Fechas asociadas con el nombre: 1945-

400 1# - VEÁSE - NOMBRE DE PERSONA

  • Personal name: Fanfani, Emilio Tenti

400 1# - VEÁSE - NOMBRE DE PERSONA

  • Personal name: Tenti, Emilio

670 ## - FUENTE EN LA QUE SE LOCALIZARON DATOS

  • Cita de la fuente: En su obra: Estado y pobreza, 1989:
  • Información localizada: v. 1, portada (Emilio Tenti Fanfani)

670 ## - FUENTE EN LA QUE SE LOCALIZARON DATOS

  • Cita de la fuente: Estado democrático y política social, c1989:
  • Información localizada: portada (Emilio Tenti)

670 ## - FUENTE EN LA QUE SE LOCALIZARON DATOS

  • Cita de la fuente: LC database, Apr. 18, 2006
  • Información localizada: (vendor record hdg.: Tenti Fanfani, Emilio, 1945- )

902 ## - CATALOGADOR

  • Catalogador: NDAF/110523